| 000 -ლიდერი |
| ფიქსირებული სიგრძის საკონტროლო ველი |
01017nam a2200241Ia 4500 |
| 001 - საკონტროლო ნომერი |
| საკონტროლო ველი |
2876 |
| 003 - საკონტროლო ნომრის იდენტიფიკატორი |
| საკონტროლო ველი |
GE_BSU |
| 005 - ბოლო ოპერაციის თარიღი და დრო |
| საკონტროლო ველი |
20190506103402.0 |
| 008 - ფიქსირებული სიგრძის მონაცემთა ელემენტები - ზოგადი ინფორმაცია |
| ფიქსირებული სიგრძის საკონტროლო ველი |
181216s2002||||ge |||||||||||||| ||geo|| |
| 040 ## - კატალოგიზაციის წყარო |
| Transcribing agency |
GE_BSU |
| 041 ## - ენის კოდი |
| Language code of text/sound track or separate title |
geo |
| 080 ## - უნივერსალური ათობითი კლასიფიკაციის ინდექსი |
| Universal Decimal Classification number |
658(075.8) +005(942.4) ტ–94 |
| 100 ## - მთავარი ჩანაწერი - პიროვნების სახელი |
| Personal name |
ტუღუში,მირონ |
| 9 (RLIN) |
727 |
| 245 ## - ცნობა სათაურის შესახებ |
| Title |
მენეჯმენტის საფუძვლები : |
| Remainder of title |
(ლექციების კურსი) / |
| Statement of responsibility, etc |
მირონ , ტუღუში ; ნაირა ყირიმლიშვილი ; რედ : ა. სომხიშვილი |
| 264 ## - წარმოების, გამოცემის, დისტრიბუციის და სხვა ცნობები |
| გამოცემის, წარმოების, დისტრიბუციის... ადგილი |
თბილისი :. |
| გამოცემის, წარმოების, დისტრიბუციის... სახელწოდება |
თეუსი , |
| გამოცემის, წარმოების, დისტრიბუციის... თარიღი |
2002. |
| 300 ## - ფიზიკური აღწერა |
| Extent |
246გვ ; |
| Dimensions |
20სმ . |
| 504 ## - BIBLIOGRAPHY, ETC. NOTE |
| Bibliography, etc |
ბიბლიოგრ.: გვ. 245 |
| 653 ## - INDEX TERM--UNCONTROLLED |
| Uncontrolled term |
მენეჯმენტი |
| 700 ## - ADDED ENTRY--PERSONAL NAME |
| Personal name |
ყირიმლიშვილი , ნაირა |
| 9 (RLIN) |
728 |
| 700 ## - ADDED ENTRY--PERSONAL NAME |
| Personal name |
სომხიშვილი , ა |
| Relator term |
რედაქტორი |
| 9 (RLIN) |
729 |
| 942 ## - ADDED ENTRY ELEMENTS (KOHA) |
| Koha item type |
წიგნი |
| Source of classification or shelving scheme |
|